000 00738nam a2200205Ia 4500
001 15240
003 GE_BSU
008 181216s||||||||xx |||||||||||||| ||und||
040 _cGE_BSU
080 _a821.353.1-1+821.353.1-11
100 _aჩარკვიანი,ჯანსუღ
245 _aრჩეული: ლექსები და პოემები
245 _cრედ.ირ.არაბული. მხატვ.დ. დუნდუა
260 _aთბილისი
260 _bსაბჭოთა საქართველო
260 _c1976
300 _a396გვ.ფოტო.17სმ.
653 _aრჩეული: ლექსები და პოემები
942 _cBK
999 _c48352
_d48352